| 000 | 01835cam a2200469 a 4500 | ||
|---|---|---|---|
| 003 | OCoLC | ||
| 005 | 20241220114841.0 | ||
| 008 | 920624s1992 mnu 000 1 eng | ||
| 001 | ocm26219290 | ||
| 010 | _a 92000547 | ||
| 016 | _a950002321 | ||
| 020 |
_a1556612966 : _c$6.95 |
||
| 020 | _a9781556612961 | ||
| 020 | _a1556612974 | ||
| 020 | _a9781556612978 | ||
| 029 | 1 |
_aNLC _b950002321 |
|
| 035 | _a(Sirsi) i9781556612961 | ||
| 035 | _a(OCoLC)26219290 | ||
| 040 |
_aDLC _cDLC _dJBL _dVPL _dSVP _dNLC _dOCL _dXY4 _dOCLCQ _dBAKER _dBTCTA _dUINTA |
||
| 043 | _an-cn--- | ||
| 049 | _aUCLB | ||
| 050 | 0 | 0 |
_aPR9199.3.O38 _bM4 1992 |
| 055 | 0 |
_aPS8579 K43 _bM4 1992 |
|
| 082 | 0 | 0 |
_a813/.54 _220 |
| 092 | _aOKE | ||
| 100 | 1 |
_aOke, Janette, _d1935- _98476 |
|
| 245 | 1 | 4 |
_aThe measure of a heart / _cJanette Oke. |
| 260 |
_aMinneapolis, Minn. : _bBethany House Publishers, _cc1992. |
||
| 300 |
_a219 p. ; _c21 cm. |
||
| 490 | 1 | _aWomen of the West | |
| 520 | _aShy, sensitive, and a bit self-conscious, Anna Trent is the oldest daughter of a family of seven. When a young pastor asks Anna to marry him, she agrees despite her feelings of not meeting all the criteria for a minister's wife and feeling guilty about leaving her mother with all the work. Anna must discover that in the sight of the Lord, she truly is "a woman of worth." | ||
| 650 | 0 |
_aWomen _zCanada _vFiction. _96468386 |
|
| 651 | 0 |
_aCanada _vFiction. _95695438 |
|
| 655 | 0 |
_aChristian fiction. _96157935 |
|
| 800 | 1 |
_aOke, Janette, _d1935- _tWomen of the West. _942214 |
|
| 938 |
_aBaker & Taylor _bBKTY _c10.99 _d8.24 _i1556612966 _n0002136568 _sactive |
||
| 938 |
_aBaker and Taylor _bBTCP _n92000547 //r953 _c$6.95 |
||
| 938 |
_aBaker & Taylor _bBKTY _c12.99 _d9.74 _i1556612974 _n0002136570 _sactive |
||
| 942 |
_cBOOK _048 |
||
| 994 |
_aC0 _bUINTA |
||
| 998 | _aa83194 | ||
| 999 |
_c37355 _d37355 |
||